000 00495nam a2200169Ia 4500
999 _c18781
_d18781
003 OSt
005 20200701145445.0
008 190216s9999||||xx |||||||||||||| ||und||
040 _coclc
082 _a915.402
_bPIC/P
100 _aPichamuthu, C S
_93420
245 0 _aPhysical Geography Of India /
_cC S Pichamuthu
260 _bNational Book Trust India,
_c1967.
_aNew Delhi:
300 _a220p
650 _aHistory
942 _cBK
_2ddc
_h915.402
_iPIC/P
_k915.402
_mPIC/P